|
|
|
|
| LEADER |
01681nam a2200409 a 4500 |
| 001 |
EBC3374875 |
| 003 |
MiAaPQ |
| 005 |
20200520144314.0 |
| 006 |
m o d | |
| 007 |
cr cn||||||||| |
| 008 |
030227s2003 dk sb 000 0 eng d |
| 010 |
|
|
|z 2003274419
|
| 020 |
|
|
|z 8772896736
|
| 035 |
|
|
|a (MiAaPQ)EBC3374875
|
| 035 |
|
|
|a (Au-PeEL)EBL3374875
|
| 035 |
|
|
|a (CaPaEBR)ebr10044822
|
| 035 |
|
|
|a (OCoLC)940510105
|
| 040 |
|
|
|a MiAaPQ
|c MiAaPQ
|d MiAaPQ
|
| 050 |
|
4 |
|a HC240
|b .B63 2003
|
| 082 |
0 |
4 |
|a 337.7304/09/045
|2 22
|
| 100 |
1 |
|
|a Boel, Bent.
|
| 245 |
1 |
4 |
|a The European Productivity Agency and transatlantic relations, 1953-1961
|h [electronic resource] /
|c Bent Boel.
|
| 260 |
|
|
|a Copenhagen :
|b Museum Tusculanum Press/University of Copenhagen,
|c 2003.
|
| 300 |
|
|
|a 294 p.
|
| 490 |
1 |
|
|a Studies in 20th & 21st century European history,
|x 1398-1862 ;
|v v. 4
|
| 504 |
|
|
|a Includes bibliographical references (p. 261-283).
|
| 533 |
|
|
|a Electronic reproduction. Ann Arbor, MI : ProQuest, 2015. Available via World Wide Web. Access may be limited to ProQuest affiliated libraries.
|
| 610 |
2 |
0 |
|a European Productivity Agency.
|
| 610 |
2 |
0 |
|a Organisation for European Economic Co-operation.
|
| 650 |
|
0 |
|a Economic assistance, American
|z Europe
|x History.
|
| 651 |
|
0 |
|a Europe
|x Economic policy.
|
| 651 |
|
0 |
|a United States
|x Foreign economic relations
|z Europe.
|
| 651 |
|
0 |
|a Europe
|x Foreign economic relations
|z United States.
|
| 655 |
|
4 |
|a Electronic books.
|
| 710 |
2 |
|
|a ProQuest (Firm)
|
| 830 |
|
0 |
|a Studies in 20th & 21st century European history ;
|v v. 4.
|
| 856 |
4 |
0 |
|u https://ebookcentral.proquest.com/lib/matrademy/detail.action?docID=3374875
|z Click to View
|